01077 2200229 4500001002100000005001500021035002000036090000600056020001800062100003000080650002300110245007200133264001100205008004100216082000800257084001700265260003100282300002900313700002900342520046000371990001600831INLIS00000000004171020211109015244 a0010-0619041710 13 a97860205228070 aDian Kristianiepengarang 4aKesehatan Individu1 aYuk, belajar hidup sehat /cDian Kristiani; penyunting, Herna Sevia rasindo211109 b 0 ind  a613 aSR 613 DIA y aJakarta :bGrasindo,c2020 a100 halaman :bIlustrasi0 aHerna Selviaepenyunting aApa saja sih yang perlu kita perhatikan dalam menjaga kesehatan? Bagaimana caranya kita menjaga kebersihan diri dan lingkungan? Tau kan, betapa pentingnya menjaga kesehatan? Yes, dengan hidup sehat kita bisa menjalani kegiatan kita dengan maksimal. Nah, buku ini akan membuka wawasan kita lewat banyak tips tentang hidup sehat yang dikemas dengan menarik! Berisi kumpulan ilustrasi dan informasi yang juga mengulas kebiasaan kita sehari-hari, loh. a48394.61214